000 00609nam a2200229Ia 4500
003 OSt
005 20220925210400.0
006 a|||||r|||| 00| 0
007 ta
008 220923b |||||||| |||| 00| 0 eng d
037 _cGeneral Book
040 _aRTL
_cRTL
_beng
041 _2eng
_aeng
082 _aX71.2.N97<-N96, N6
110 _aINDIA, (Govt. of-).
245 0 _aReceipts budget 1996-97.
260 _aIndia
_bGovt. of India.
_c1996
300 _a64p.
_ccm.
700 _aINDIA, (Govt. of-).
942 _hX71.2.N97<-N96, N6
_cGB
_2CC
999 _c554917
_d554917